| 000 | 00536nam a22001577a 4500 | ||
|---|---|---|---|
| 003 | OSt | ||
| 005 | 20151204144328.0 | ||
| 008 | 151204b xxu||||| |||| 00| 0 eng d | ||
| 040 | _cRUA | ||
| 082 | _aFIS KON 2003 B186 Or.1 | ||
| 100 |
_94288 _aKONG, SOVANARA. |
||
| 245 | _aArtificial breeding of big ihead carp, ការបង្កាត់ត្រីកាបក្បាលធំតាមលក្ខណៈសិប្បនិមិ្មត | ||
| 260 |
_aPhnom Penh _bRUA _c2003 |
||
| 300 |
_a29p. _bill. _c29cm. |
||
| 942 |
_2ddc _cFIS |
||
| 999 |
_c4002 _d4002 |
||